| 000 | 00733nam a2200205Ia 4500 | ||
|---|---|---|---|
| 003 | GCL | ||
| 008 | 140319s9999 xx 000 0 ara d | ||
| 040 |
_aGCL / _cGCL |
||
| 082 | 0 | 4 |
_a953.07393 _bو م |
| 100 | 1 | _aجمال الدين الشيال | |
| 245 | 1 | 0 |
_aمفرج الكروب فى اخبار بنى ايوب (هدية من الاديب عبدالفتاح الجمل) / _cجمال الدين الشيال |
| 700 | 1 | _aابن واصل، جمال الدين محمد | |
| 300 | _a471 ص | ||
| 490 |
_aتراثنا _v0 |
||
| 650 | 0 | 4 | _aالدولة الايوبية |
| 650 | 0 | 4 | _aصلاح الدين الايوبى |
| 650 | 0 | 4 | _aالايوبيون |
| 650 | 0 | 4 | _aالعالم الاسلامى - تاريخ |
| 942 |
_2ddc _cBK |
||
| 999 |
_c38229 _d38229 |
||